| 000 | 01633cam a22004094a 4500 | ||
|---|---|---|---|
| 001 | 13932853 | ||
| 003 | OSt | ||
| 005 | 20150226125429.0 | ||
| 008 | 050414s2006 mdua b 001 0 eng | ||
| 010 | _a 2005010684 | ||
| 020 | _a0781744318 | ||
| 035 | _a(DNLM)101245987 | ||
| 040 |
_aDNLM/DLC _cDLC _dDLC |
||
| 042 | _apcc | ||
| 050 | 0 | 0 |
_aRM301.5 _b.A66 2006 |
| 060 | 0 | 0 |
_aQV 38 _bA6527 2006 |
| 082 | 0 | 0 |
_aQV 38 A58a 2006 _222 |
| 245 | 0 | 0 |
_aApplied pharmacokinetics & pharmacodynamics : _bprinciples of therapeutic drug monitoring / _ceditors, Michael E. Burton ... [et al.]. |
| 246 | 3 | _aApplied pharmacokinetics and pharmacodynamics | |
| 250 | _a4th ed. | ||
| 260 |
_aBaltimore : _bLippincott Williams & Wilkins, _cc2006. |
||
| 300 |
_axvii, 867 p. : _bill. ; _c29 cm. |
||
| 500 | _aRev. ed. of: Applied pharmacokinetics / edited by William E. Evans, Jerome J. Schentag, William J. Jusko. 3rd ed. c1992. | ||
| 504 | _aIncludes bibliographical references and index. | ||
| 650 | 0 |
_aPharmacokinetics. _91609 |
|
| 650 | 0 |
_aDrug monitoring. _92967 |
|
| 650 | 1 | 2 |
_aPharmacokinetics. _91609 |
| 650 | 2 | 2 |
_aDrug Monitoring. _92968 |
| 650 | 2 | 2 |
_aPharmacology. _9357 |
| 700 | 1 |
_aBurton, Michael E. _92969 |
|
| 730 | 0 |
_aApplied pharmacokinetics. _92970 |
|
| 856 | 4 | 1 |
_3Table of contents _uhttp://www.loc.gov/catdir/toc/ecip0511/2005010684.html |
| 856 | 4 | 2 |
_3Publisher description _uhttp://www.loc.gov/catdir/enhancements/fy0712/2005010684-d.html |
| 906 |
_a7 _bcbc _corignew _d1 _eecip _f20 _gy-gencatlg |
||
| 942 |
_2z _cSLOAN |
||
| 999 |
_c1095 _d1095 |
||